Fr. Conceicao Rodrigues College of Engineering

Electronics communications Systems (Record no. 20648)

MARC details
000 -LEADER
fixed length control field 00365nam a2200157Ia 4500
082 ## - DEWEY DECIMAL CLASSIFICATION NUMBER
Classification number 621.382
Item number PAN
100 ## - MAIN ENTRY--PERSONAL NAME
Personal name Kennedy/G/ Davis/.B
245 ## - TITLE STATEMENT
Title Electronics communications Systems
260 ## - PUBLICATION, DISTRIBUTION, ETC.
Name of publisher, distributor, etc. Mc Graw Hill
Place of publication, distribution, etc. Illinois
Date of publication, distribution, etc. 1992
300 ## - PHYSICAL DESCRIPTION
Extent 321
546 ## - LANGUAGE NOTE
Language note ENGLISH
650 ## - SUBJECT ADDED ENTRY--TOPICAL TERM
Topical term or geographic name entry element Electrical Engineering
654 ## - SUBJECT ADDED ENTRY--FACETED TOPICAL TERMS
Focus term Electronics
942 ## - ADDED ENTRY ELEMENTS (KOHA)
Koha item type BOOK
Holdings
Withdrawn status Lost status Damaged status Not for loan Collection Home library Current library Date acquired Total Checkouts Full call number Barcode Date last seen Date last checked out Price effective from Koha item type
        CRC Fr. Agnel's C.Rodrigues College of Engineering AGNEL TECHNICAL COLLEGE LIBRARY 17/03/2023 1 621.382 PAN 6950 21/08/2025 31/07/2025 17/03/2023 BOOK